Los pantalones de Pantaleón / (Record no. 17257)

MARC details
000 -LEADER
fixed length control field 00757nam a22002417a 4500
001 - CONTROL NUMBER
control field sjds170014
003 - CONTROL NUMBER IDENTIFIER
control field sjds
005 - DATE AND TIME OF LATEST TRANSACTION
control field 20170412132519.0
007 - PHYSICAL DESCRIPTION FIXED FIELD--GENERAL INFORMATION
fixed length control field
008 - FIXED-LENGTH DATA ELEMENTS--GENERAL INFORMATION
fixed length control field 170412b cou||||| |||| 00| 0 spa d
020 ## - INTERNATIONAL STANDARD BOOK NUMBER
International Standard Book Number 0769900828 (pbk.0
040 ## - CATALOGING SOURCE
Transcribing agency sjds
041 ## - LANGUAGE CODE
Language code of text/sound track or separate title spa
100 ## - MAIN ENTRY--PERSONAL NAME
Personal name Cowley, Joy
245 ## - TITLE STATEMENT
Title Los pantalones de Pantaleón /
Statement of responsibility, etc. escrito por Joy Cowley ; [written in Spanish by Lourdes Pacheco] ; ilustrado por Phil Normand.
260 ## - PUBLICATION, DISTRIBUTION, ETC. (IMPRINT)
Place of publication, distribution, etc. Denver, CO :
Name of publisher, distributor, etc. Shortland Publications,
Date of publication, distribution, etc. c1998
300 ## - PHYSICAL DESCRIPTION
Extent 24 pages ;
Other physical details ill.
Dimensions 19 cm.
440 ## - SERIES STATEMENT/ADDED ENTRY--TITLE
Title Sra. Sabiduría.
Number of part/section of a work Los grillos de la noche
Name of part/section of a work Serie A
526 ## - STUDY PROGRAM INFORMATION NOTE
Program name Sra. Sabiduría.
Reading level Emergent, level G
700 1# - ADDED ENTRY--PERSONAL NAME
Personal name Normand, Phil.
Relator term ill.
700 1# - ADDED ENTRY--PERSONAL NAME
Personal name Pacheco, Lourdes
Relator term author
942 ## - ADDED ENTRY ELEMENTS (KOHA)
Koha item type Libro/Book
Holdings
Withdrawn status Lost status Damaged status Not for loan Home library Current library Shelving location Date acquired Total Checkouts Full call number Barcode Date last seen Date checked out Price effective from Koha item type
        San Juan Del Sur -- Biblioteca San Juan Del Sur -- Biblioteca Children's Area 12/04/2017 7 CAJA ESPANOL 30024316 28/03/2022 24/03/2022 12/04/2017 Libro/Book

Powered by Koha